|
|
|
|
| LEADER |
00000nam a2200000 a 4500 |
| 001 |
vtls008691797 |
| 003 |
SK-MaSNL |
| 005 |
20260301205502.0 |
| 008 |
240315 000 0 eng |
| 040 |
|
|
|a SNK
|b slo
|c SNK
|e AACR2
|
| 100 |
1 |
|
|a Storchenau, De, R. P. Sigismundi
|4 aut
|9 311095
|
| 245 |
1 |
|
|a Sermones Sacri In Omnes Totius Anni Dominicas, ...
|
| 260 |
|
|
|a Posonii
|b Sumptibus Andreae Schwaiger]
|c 1806
|
| 300 |
|
|
|a 364 s.
|
| 999 |
|
|
|c 910277
|d 912207
|
| 952 |
|
|
|a SNK
|b SNK
|y VYP
|7 0
|p 17A0504791
|o snkSD 2296/1 D5
|i snkF 624/83
|3 Rekatalogizácia
|0 0
|1 0
|4 0
|d 2006-04-19
|l 0
|r 2026-02-24 07:41:24
|w 2026-02-24
|